000 00492nam a2200181Ia 4500
005 20250326142701.0
008 250326s9999 xx 000 0 und d
037 _aTextbook
040 _aFMSL
_beng
_cFMSL
041 _aeng
_2eng
084 _aX:8 M0
_qFMSL
100 _aMaheshwari B L
245 0 _aManagement by objectives
_cMaheshwari B L
260 _aNew Delhi
_bNew Delhi, Tata McGraw-Hill
_c1982
300 _a303p
942 _cTB
_hX:8 M0
999 _c1296173
_d1296173